| 000 | 00351nam a2200145Ia 4500 | ||
|---|---|---|---|
| 008 | 230312s9999||||xx |||||||||||||| ||und|| | ||
| 020 | _a81-775-8380-9 | ||
| 082 |
_a621.3822 _bGHO-S |
||
| 100 | _aGhosh;Smarajit | ||
| 245 | 0 | _aSignals and systems | |
| 260 |
_bDorling _aIndia _c2011 |
||
| 300 | _a474 | ||
| 650 |
_aEngineering _vAvionics |
||
| 942 | _cBK | ||
| 999 |
_c12379 _d12379 |
||